| 000 | 00358nam a2200109Ia 4500 | ||
|---|---|---|---|
| 008 | 220216s9999 xx 000 0 und d | ||
| 100 |
_aJacob _BK T |
||
| 245 | 0 | _aProgress and prospects of development of rubber plantations in non-traditional regions in India | |
| 260 |
_bSouvenir, Rubber Planters Conference India 1974 _c1974 |
||
| 300 | _a26-32 | ||
| 942 | _cJS | ||
| 999 |
_c65895 _d65895 |
||